000
00271nam a2200097Ia 4500
008
220204s9999 xx 000 0 und d
082
_a
354
_b
ALL
245
0
_a
All India civil list corrected as on 1st Jan 1965
260
_a
Bombay
_b
Associated Advertisers
_c
1965
942
_c
BK
999
_c
20707
_d
20707